Statistics for Highest-Ranking Universities of Europe

Click here to take the quiz!

General Stats

  • This quiz has been taken 758 times
  • The average score is 11 of 25

Answer Stats

RankCountryAnswer% Correct
5UKUniversity of Oxford
99%
7UKUniversity of Cambridge
95%
6SwitzerlandETH Zurich Swiss Federal Institute of Technology
83%
69SwitzerlandUniversity of Zurich
72%
=61NetherlandsUniversity of Amsterdam
70%
27UKUniversity of Manchester
66%
50GermanyTechnical University of Munich
63%
20UKUniversity of Edinburgh
63%
76DenmarkUniversity of Copenhagen
62%
74RussiaLomonosov Moscow State University
59%
77UKUniversity of Glasgow
57%
83FranceSorbonne University
46%
49UKLondon School of Economics and Political Sciences
41%
10UKUCL
39%
58UKUniversity of Bristol
39%
14SwitzerlandEPFL
38%
64GermanyRuprecht Karls Universitat Heidelberg
31%
8UKImperial College London
23%
84BelgiumKU Leuven
23%
31UKKing's College London
20%
62UKUniversity of Warwick
19%
57NetherlandsDelft University of Technology
16%
52FranceUniversite PSL
7%
63GermanyLudwig-Maximilians Universitat Munchen
6%
=61FranceEcole Polytechnique
5%

Score Distribution

Percentile by Number Answered

Percent of People with Each Score

Your Score History

You have not taken this quiz